LEADER 03110nam 2200685Ia 450 001 9910784087203321 005 20230617040640.0 010 $a1-134-38377-0 010 $a0-203-34743-9 010 $a1-280-02549-2 010 $a0-203-48027-9 035 $a(CKB)1000000000255349 035 $a(EBL)200344 035 $a(OCoLC)85892676 035 $a(SSID)ssj0000309638 035 $a(PQKBManifestationID)11224542 035 $a(PQKBTitleCode)TC0000309638 035 $a(PQKBWorkID)10282663 035 $a(PQKB)10367970 035 $a(SSID)ssj0001149182 035 $a(PQKBManifestationID)12508582 035 $a(PQKBTitleCode)TC0001149182 035 $a(PQKBWorkID)11167664 035 $a(PQKB)11389162 035 $a(MiAaPQ)EBC200344 035 $a(Au-PeEL)EBL200344 035 $a(CaPaEBR)ebr10101233 035 $a(CaONFJC)MIL2549 035 $a(EXLCZ)991000000000255349 100 $a20030715d2004 uy 0 101 0 $aeng 135 $aur|n|---||||| 181 $ctxt 182 $cc 183 $acr 200 10$aSmall players of the Great Game$b[electronic resource] $ethe settlement of Iran's eastern borderlands and the creation of Afghanistan /$fPirouz Mojtahed-Zadeh 210 $aLondon ;$aNew York $cRoutledgeCurzon$d2004 215 $a1 online resource (281 p.) 225 1 $aIslamic Studies Series 300 $aDescription based upon print version of record. 311 $a0-415-44452-7 311 $a0-415-31213-2 320 $aIncludes bibliographical references (p. 219-248) and index. 327 $aCover; Title; Copyright; Dedication; Contents; List of illustrations; Preface; Acknowledgements; Introduction; 1 The great game and its major players; 2 Small players: the Khozeimeh family; 3 Khozeimeh foreign relations; 4 The partitioning of Khorasan and the creation of Afghanistan; 5 The partitioning of Khorasan and Baluchistan and the emergence of modern boundaries; 6 The partitioning of Sistan and the evolution of boundaries with Afghanistan; Conclusion; Notes; Bibliography; Index 330 $aThis book deals with the 19th century Anglo-Russian Great Game played out on the territorial chessboard of eastern and north-eastern parts of the waning Persian empire. The Great Game itself has been written about extensively, but never from a Persian angle and from the point of view of the local players in that game. Looking at the territorial consequences of the Great Game for the local players is a unique approach, which deserves a special place in the studies of history, geography, politics and geopolitics of the age of modernity. 410 0$aIslamic Studies Series 606 $aGeopolitics$zAsia, Central 607 $aAfghanistan$xBoundaries 607 $aIran$xBoundaries 607 $aPakistan$xBoundaries 615 0$aGeopolitics 676 $a320.1/2/0958 700 $aMojtahed-Zadeh$b Pirouz$0640441 801 0$bMiAaPQ 801 1$bMiAaPQ 801 2$bMiAaPQ 906 $aBOOK 912 $a9910784087203321 996 $aSmall players of the Great Game$93865528 997 $aUNINA LEADER 03112oam 2200637I 450 001 9910964960203321 005 20240404222701.0 010 $a1-04-021397-9 010 $a0-429-17240-0 010 $a1-4987-0266-X 024 7 $a10.1201/b17706 035 $a(CKB)2670000000567682 035 $a(EBL)1719856 035 $a(SSID)ssj0001367397 035 $a(PQKBManifestationID)11770870 035 $a(PQKBTitleCode)TC0001367397 035 $a(PQKBWorkID)11445112 035 $a(PQKB)10902747 035 $a(MiAaPQ)EBC1719856 035 $a(OCoLC)894169680 035 $a(EXLCZ)992670000000567682 100 $a20180331h20152015 uy 0 101 0 $aeng 135 $aur|n|---||||| 181 $ctxt 182 $cc 183 $acr 200 10$aAnalysis with ultrasmall numbers /$fKarel Hrbacek, The City College of New York, USA, Olivier Lessmann, College Rousseau, Geneva, Switzerland, Richard O'Donovan, CEC Andre-Chavanne, Geneva, Switzerland 205 $a1st ed. 210 1$aBoca Raton :$cTaylor & Francis,$d[2015] 210 4$d©2015 215 $a1 online resource (320 p.) 225 1 $aTextbooks in mathematics 300 $aA CRC title. 300 $aA Chapman and Hall book. 311 08$a1-322-63387-8 311 08$a1-4987-0265-1 320 $aIncludes bibliographical references and index. 327 $aFront Cover; Contents; Preface; Preface for Students; Acknowledgments; Authors; Part I: Elementary Analysis; Chapter 1: Basic Concepts; Chapter 2: Continuity and Limits; Chapter 3: Differentiability; Chapter 4: Integration of Continuous Functions; Part II: Higher Analysis; Chapter 5: Basic Concepts Revisited; Chapter 6: L'Ho?pital's Rule and Higher Order Derivatives; Chapter 7: Sequences and Series; Chapter 8: First Order Differential Equations; Chapter 9: Integration; Chapter 10: Topology of Real Numbers; Answers to Exercises; Appendix: Foundations and Relative Set Theory; Bibliography 327 $aBack Cover 330 $aAnalysis with Ultrasmall Numbers presents an intuitive treatment of mathematics using ultrasmall numbers. With this modern approach to infinitesimals, proofs become simpler and more focused on the combinatorial heart of arguments, unlike traditional treatments that use epsilon-delta methods. Students can fully prove fundamental results, such as the Extreme Value Theorem, from the axioms immediately, without needing to master notions of supremum or compactness. The book is suitable for a calculus course at the undergraduate or high school level or for self-study with an emphasis on nonstandard 410 0$aTextbooks in mathematics (Boca Raton, Fla.) 606 $aCalculus 606 $aCalculus$xHistory 615 0$aCalculus. 615 0$aCalculus$xHistory. 676 $a515 700 $aHrbacek$b Karel$f1944,$01793134 702 $aLessmann$b Olivier 702 $aO'Donovan$b Richard$g(Richard John),$f1953- 801 0$bFlBoTFG 801 1$bFlBoTFG 906 $aBOOK 912 $a9910964960203321 996 $aAnalysis with ultrasmall numbers$94332688 997 $aUNINA LEADER 01339nam0 22003251i 450 001 UON00279073 005 20241108105739.326 010 $a09-03-52164-4 100 $a20060626d2005 |0itac50 ba 101 $aeng 102 $aGB 105 $a|||| 1|||| 200 1 $aEdda$eprologue and Gylfaginning$fSnorri Sturluson$gedited by Anthony Faulkes 205 $a2nd ed 210 $aLondon$cViking Society for Northern Research, University College London$d2005 215 $axxxii, 180 p., [1] c. di tav.$d22 cm. 500 1$3UON00526590$aEddukvæði$94286566 606 $aLetteratura norrena$3UONC062977$2FI 606 $aMITOLOGIA GERMANICA$3UONC033188$2FI 620 $aGB$dLondon$3UONL003044 676 $a839.63$cLetterature scandinave occidentali. Narrativa norrena$v21 700 0$aSNORRI STURLUSON$3UONV167471$0439298 702 1$aFAULKES$bAnthony$3UONV121126 712 $aViking Society for Northern Research$3UONV267176$4650 801 $aIT$bSOL$c20260306$gRICA 899 $aSIBA - SISTEMA BIBLIOTECARIO DI ATENEO E ARCHIVIO STORICO$2UONSI 912 $aUON00279073 950 $aSIBA - SISTEMA BIBLIOTECARIO DI ATENEO E ARCHIVIO STORICO$dSI Fil.G VI 274 $eSI LO 70151 5 274 996 $aEddukvæði$94286566 997 $aUNIOR